| 000 | 00708nam a2200277 a 4500 | ||
|---|---|---|---|
| 003 | AR-BaBNM | ||
| 005 | 20251128205504.0 | ||
| 008 | 082120s2002 ||||||||||||||000 | spa|| | ||
| 020 | _a84-7884-077-X | ||
| 040 | _cAR-BaBNM | ||
| 245 | 0 | 0 | _aCuentos divertidos |
| 260 |
_aMadrid _bEditorial Popular _bUnesco _c1992 |
||
| 300 |
_a96 p. _bil. |
||
| 490 | 0 |
_aLetra grande _vv. 37 |
|
| 650 | 4 | _aCUENTOS | |
| 650 | 4 | _aLITERATURA ESPAÑOLA | |
| 650 | 4 | _aANTOLOGIAS | |
| 650 | 4 | _aLITERATURA CONTEMPORANEA | |
| 650 | 4 | _aHUMOR | |
| 650 | 4 | _aESCRITORES | |
| 655 | _aLITERATURA | ||
| 700 | 1 |
_aMartínez, Guillermo _ecompilador |
|
| 800 | 1 |
_aAlbarrán, Antonio _edirector |
|
| 942 | _cBK | ||
| 998 | _cMARTIN | ||
| 999 |
_c11601 _d11601 |
||